Statistics for Greatest Player From Each NFL Team

Click here to take the quiz!

General Stats

  • This quiz has been taken 90 times
    (39 since last reset)
  • The average score is 22 of 32

Answer Stats

TeamsPosPlayers% Correct
New Orleans SaintsQBDrew Brees
89%
Baltimore RavensLBRay Lewis
89%
New England PatriotsQBTom Brady
89%
Miami DolphinsQBDan Marino
87%
Indianapolis ColtsQBPeyton Manning
87%
Cleveland BrownsRBJim Brown
84%
Minnesota VikingsWRRandy Moss
84%
Buffalo BillsDEBruce Smith
82%
Dallas CowboysRBEmmitt Smith
82%
San Francisco 49ersWRJerry Rice
82%
Carolina PanthersWRSteve Smith
82%
Detroit LionsRBBarry Sanders
79%
Atlanta FalconsCBDeion Sanders
79%
Jacksonville JaguarsRBFred Taylor
79%
Denver BroncosQBJohn Elway
79%
Arizona CardinalsWRLarry Fitzgerald
79%
New York GiantsLBLawrence Taylor
79%
Chicago BearsRBWalter Payton
76%
New York JetsQBJoe Namath
74%
Houston TexansDEJ.J. Watt
71%
Pittsburgh SteelersDTJoe Greene
66%
Green Bay PackersQBBrett Farve
63%
Washington RedskinsCBDarrell Green
63%
Philadelphia EaglesDEReggie White
58%
Los Angeles ChargersLBJunior Seau
50%
Seattle SeakhawksWRSteve Largent
50%
Cincinnati BengalsOTAnthony Munoz
47%
Los Angeles RamsDEDeacon Jones
45%
Tampa Bay BuccaneersOLBDerrick Brooks
29%
Kansas City ChiefsOLBDerrick Thomas
29%
Tennessee TitansG/C/T/SBruce Matthews
24%
Oakland RaidersGGene Upshaw
16%

Score Distribution

Percentile by Number Answered

Percent of People with Each Score

Your Score History

You have not taken this quiz since the last reset